İddianame (Kayıt no. 98)
[ düz görünüm ]
| 000 -BAŞLIK | |
|---|---|
| Sabit Uzunlukta Kontrol Alanı | 00935na a2200265 4500 |
| 001 - KONTROL NUMARASI | |
| Denetim Alanı | 21714 |
| 003 - KONTROL NUMARASI IDENTIFIER | |
| Denetim Alanı | MIRAKIL |
| 005 - SON İŞLEM TARİHİ VE ZAMANI | |
| Denetim Alanı | 20181213154733.0 |
| 008 - SABİT-BOY VERİ ELEMANLARI - GENEL BİLGİLER | |
| Sabit Uzunlukta Kontrol Alanı | 170223b tu 000 0 |
| 040 ## - KATALOGLAMA KAYNAK | |
| Orijinal Kataloglama Ajansı | Milas |
| Kataloglama Dili | tur |
| Metne Dönüştürmek Ajansı | TR-AnCHP |
| 041 ## - DİL KODU | |
| Metin / Ses Parça Veya Ayrı Başlığın Dil Kodu | tur |
| 082 ## - DEWEY ONLU SINIFLANDIRMA NUMARASI | |
| Sınıflandırma Numarası | 347.07 |
| Ürün Numarası | İ22 2009 |
| 090 ## - SINIFLAMA NUMARASI | |
| Sınıflama Numarası | 347.07 İ22 2009 |
| 091 ## - MICROFILM RAF YER (AM) [OBSOLETE] | |
| Mikrofilm Raf Yeri | Ergenekon davası-İddianame |
| 245 ## - BAŞLIK TABLOSU | |
| Başlık | İddianame |
| Başlığın Kalan | İstanbul 13. Ağır ceza Mahkemesi (CMK'nın 250. maddesi ile yetkili bölümü) |
| Sorumluluk Tablosu, Vb | [haz.] T.C. İstanbul Cumhuriyet Başsavcılığı |
| 246 ## - UNVAN FORM VARYING | |
| Başlık Doğru / Kısa Başlığı | Ergenekon iddianamesi |
| 300 ## - FİZİKSEL TANIM | |
| Kapsam | 2445 s. |
| Boyutlar | 30 sm. |
| 500 ## - GENEL NOT | |
| Genel Not | İstanbul 13. Ağır Ceza Mahkemesi'nin Ergenekon soruşturması kapsamında hazırladığı iddianame |
| 650 ## - KONU KATMA GİRİŞ - TOPİKAL DÖNEM | |
| Topikal Süreli Veya Coğrafi Ad Giriş Elemanı | Ergenekon davası |
| 650 ## - KONU KATMA GİRİŞ - TOPİKAL DÖNEM | |
| Topikal Süreli Veya Coğrafi Ad Giriş Elemanı | Ergenekon operasyonu |
| Genel Alt Bölümü | İddianame |
| 650 ## - KONU KATMA GİRİŞ - TOPİKAL DÖNEM | |
| Topikal Süreli Veya Coğrafi Ad Giriş Elemanı | Ergenekon iddianamesi |
| 710 ## - KATMA GİRİŞ - KURUMSAL ADI | |
| Giriş Elemanı Olarak Kurumsal Ad Veya Yargı Alanı Adı | İstanbul Cumhuriyet Başsavcılığı |
| 942 ## - EKLENDİ GİRİŞ ELEMANLARI (KOHA) | |
| Sınıflandırma Veya Raf Düzeni Kaynak | |
| Koha Öğesi Türü | Kitaplar |
| 999 ## - SİSTEM KONTROL NUMARALARI (KOHA) | |
| Koha Biblionumber | 98 |
| Koha Biblioitemnumber | 98 |
| Kalıcı Konum | Mevcut Konum | Edinme Tarihi | Edinim Kaynak | Toplam Check-Out'Lar | Tam Çağrı Numarası | Barkod | Tarih Son Görülme | İtibaren Geçerli Fiyatlar | Sigara Kamu Notu | Koha Öğesi Türü |
|---|---|---|---|---|---|---|---|---|---|---|
| CHP Kütüphanesi | CHP Kütüphanesi | 02/07/2017 | Bağış | 347.07 İ22 2009 | 014035 | 02/07/2017 | 02/07/2017 | 2 kutu | Kitaplar |
